000 00409nam a2200145Ia 4500
008 230917s9999||||xx |||||||||||||| ||und||
040 _e203546
_aMAIN
041 _aEnglish
082 _a362.60954 L168A
100 _aLamb, Sarah
245 0 _aAging and the Indian diaspora: Cosmopolitan families in India and abroad
260 _aNew Delhi
_bOrient Blackswan
_c2012
300 _axvi, 336 p.
942 _cBK
999 _c173742
_d173742